Konkurencia narastá, nedôvera pretrváva
Aké podmienky má elektronický obchod na Slovensku. Rozlišovanie elektronického obchodu. Porovnanie nákupov prostredníctvom internetu. Virtuálny hypermarket. Sortiment, platba, doručenie a dodacie lehoty virtuálneho obchodu. Očakávaný rozmach on-line nakupovania na Slovensku.
Saved in:
| Main Author: | |
|---|---|
| Format: | Book Chapter |
| Language: | Slovak |
| Subjects: | |
| Tags: |
No Tags, Be the first to tag this record!
|
MARC
| LEADER | 00000naa a2200000 4500 | ||
|---|---|---|---|
| 001 | r044506 | ||
| 005 | 20231004094005.2 | ||
| 041 | 0 | |a slo | |
| 044 | |a SK | ||
| 245 | 1 | 0 | |a Konkurencia narastá, nedôvera pretrváva |c Daniel Košťál |
| 520 | |a Aké podmienky má elektronický obchod na Slovensku. Rozlišovanie elektronického obchodu. Porovnanie nákupov prostredníctvom internetu. Virtuálny hypermarket. Sortiment, platba, doručenie a dodacie lehoty virtuálneho obchodu. Očakávaný rozmach on-line nakupovania na Slovensku. | ||
| 610 | 2 | 0 | |a obchod elektronický |
| 610 | 2 | 0 | |a internet |
| 610 | 2 | 0 | |a realita virtuálna |
| 610 | 2 | 0 | |a sortiment tovaru |
| 610 | 2 | 0 | |a lehoty dodacie |
| 610 | 2 | 0 | |a Slovensko |
| 100 | 1 | |a Košťál, Daniel | |